| 000 | 00517nam a22001817a 4500 | ||
|---|---|---|---|
| 003 | GBCCL | ||
| 005 | 20251128125401.0 | ||
| 008 | 240618b ||||| |||| 00| 0 eng d | ||
| 020 | _a9780840721457 | ||
| 040 | _cgbc | ||
| 082 |
_a225.5208 _bINS |
||
| 245 |
_aInStep student Bible : _bcontemporary English Version |
||
| 250 | _aNew Testament edition | ||
| 260 |
_aNashville, _bT. Nelson Publishers, _cc1992 |
||
| 300 | _a733 pages | ||
| 650 |
_aBible _vNew Testament _xstudy and teaching _912249 |
||
| 942 |
_2ddc _cREF |
||
| 999 |
_c10314 _d10314 |
||